El pensamiento Árabe / (Record no. 99713)

MARC details
000 -LEADER
fixed length control field 00631cac a2200217 4500
005 - DATE AND TIME OF LATEST TRANSACTION
control field 20150829152934.0
008 - FIXED-LENGTH DATA ELEMENTS--GENERAL INFORMATION
fixed length control field 060918t19921992sp 000 0 spa u
020 ## - INTERNATIONAL STANDARD BOOK NUMBER
International Standard Book Number 8475098495
100 1# - MAIN ENTRY--PERSONAL NAME
Personal name Arkoun, Mohamed
245 13 - TITLE STATEMENT
Title El pensamiento Árabe /
Statement of responsibility, etc Mohamed Arkoun.
250 ## - EDITION STATEMENT
Edition statement 1a ed.
260 ## - PUBLICATION, DISTRIBUTION, ETC. (IMPRINT)
Place of publication, distribution, etc Barcelona, España :
Name of publisher, distributor, etc Paids,
Date of publication, distribution, etc c1992
300 ## - PHYSICAL DESCRIPTION
Extent 148 p. ;
Dimensions 19 cm.
440 #0 - SERIES STATEMENT/ADDED ENTRY--TITLE
Title Paids orientalia ;
Volume number/sequential designation 35
500 ## - GENERAL NOTE
General note Traducción de : la pense arabe
504 ## - BIBLIOGRAPHY, ETC. NOTE
Bibliography, etc Incluye glosario e indice
506 ## - RESTRICTIONS ON ACCESS NOTE
Terms governing access Rec. prop. esc.
650 #4 - SUBJECT ADDED ENTRY--TOPICAL TERM
Topical term or geographic name as entry element Paises arabes
General subdivision Vida intelectual
942 ## - ADDED ENTRY ELEMENTS (KOHA)
Source of classification or shelving scheme Biblioteca del Cogreso de los Estados Unidos
Koha item type Libro
Holdings
Estado de pérdida Fuente de clasificación Estado del daño No para préstamo Ubicación permanente Ubicación actual Apartado o colección Fecha de adquisición Edición Dependencia de educación superior (DES) Área del conocimiento Clasificación Código de Barras Date last seen Número de copia Tipo de recurso
  Biblioteca del Cogreso de los Estados Unidos     Biblioteca de la Facultad de Filosofía Biblioteca de la Facultad de Filosofía General 14/09/2015 1a. ed. Humanidades Educación y Humanidades DS 36,8 A75 1992 BFF000012162 14/09/2015 C:1 Libro